LEADER 01052nam a2200265 i 4500 001 000000138821 003 CaOOAMICUS 005 20181102125807.0 008 050511s1977 it u000 u ita u 013 $a112776 040 $aSeMil$bita 100 1 $aBorghello, Giampaolo.$0(OLS)http://semarc/name/8256 245 13$aLa coscienza borghese :$bsaggio sulla narrativa di Svevo /$cGiampaolo Borghello. 260 $aRoma :$bSavelli,$ccopyr. 1977. 300 $a285 p. ;$c21 cm. 490 0 $aSaggistica [Savelli] ;$v82 500 $aContiene : Appendice. 600 14$aSvevo, Italo <1861-1928>.$0(OLS)http://semarc/subject/6034 830 0$aSaggistica ;$v82.$0(OLS)http://semarc/title/419677 850 $aSeMil 852 $aSeMil$W1$xVenegono$y1$m1D III 83$j92262$B92262$CSeMilBibl$Z2$F97422 $81 961 $aOmaggio: Poma mons. Gianfranco 996 $6245$aLa coscienza borghese :$bsaggio sulla narrativa di Svevo$9(OLS)http://semarc/title/202905 996 $6260$aRoma :$bSavelli$9(OLS)http://semarc/publisher/32144 LEADER 00869nam a2200205 i 4500 001 000000200640 003 CaOOAMICUS 005 20241114094408.0 008 110412s1870 it u000 u ita u 040 $aSeMil$bita 110 1 $aRimini.$0(OLS)http://semarc/name/72028 245 13$aIl Municipio di Rimini e il commendatore Carlo Possenti deputato pel Collegio di Rimini nella Legislatura 10. 264 1$aRimini :$b[s.n.],$c1870. 300 $aVIII p. ;$c23 cm. 773 0 $t[Miscellanea.$w()24740 850 $aSeMil 852 $aSeMil$W1$xVenegono$y1$m5A II 17/13 FA$j151169$B151169$CSeMilBibl$Z2$F162458 $8I 996 $6245$aIl Municipio di Rimini e il commendatore Carlo Possenti deputato pel Collegio di Rimini nella Legislatura 10$9(OLS)http://semarc/title/290176 996 $6264$aRimini :$b[s.n.]$9(OLS)http://semarc/publisher/51539